| 000 | 00724nas a22002291i#4500 | ||
|---|---|---|---|
| 001 | 2498 | ||
| 003 | ES-MaACL | ||
| 005 | 20251201164629.0 | ||
| 007 | t| | ||
| 008 | 950801d18651879xxu | | 1 ||ng d | ||
| 080 | _a73 | ||
| 245 | 0 | 0 | _aAnnual report of the Board of State Charities of Massachusetts to which are added reports from its departments. |
| 260 |
_aBoston : _bWright & Potter, Rand, Abery & Co, _c1865-1879. |
||
| 300 |
_a3 v. ; _c23 cm. |
||
| 310 | _aAnual | ||
| 362 | 0 | _a1st (1863/64)-15th (1877/78) | |
| 650 | 1 | 4 |
_aAsistencia social. Seguros. _910379 |
| 710 | 0 | 0 |
_aBoard of State Charities _c(Massachusetts) _92226 |
| 852 |
_aES-MaACL _jG-13640-42 |
||
| 866 | 1 | _o1876-77,1879. | |
| 999 |
_c2498 _d2498 |
||